| 000 | 00332nam a22001337a 4500 | ||
|---|---|---|---|
| 008 | 181010b xxu||||| |||| 00| 0 eng d | ||
| 020 | _a9780138024611 | ||
| 041 | _aeng | ||
| 080 |
_29th _a610.73 |
||
| 100 | _a2 | ||
| 101 | _aINF | ||
| 245 |
_aFundamentals of Nursing Concepts, Process, and Practice _cBerman,A |
||
| 942 |
_2udc _cBK |
||
| 999 |
_c49309 _d49309 |
||